Fußballspieler nach Stationen - Nordeuropa - Statistiken

Allgemein
  • Dieses Quiz wurde 34 mal gespielt
  • Das Durchschnittsergebnis liegt bei 8 aus 20
Antwortstatistiken
aktive Profi-Jahre Vereine Spieler % Korrekt
2015- Bryne FK, Molde FK, FC Red Bull Salzburg, Borussia Dortmund, Manchester City Erling Haaland
89%
2010- Ajax Amsterdam, Tottenham Hotspur, Inter Mailand, FC Brentford, Manchester United Christian Eriksen
79%
2014- Strømsgodset IF, Real Madrid, SC Heerenveen, Vitesse Arnheim, Real Sociedad, Real Madrid, FC Arsenal Martin Ødegaard
75%
1999-2023 Malmö FF, Ajax Amsterdam, Juventus Turin, Inter Mailand, FC Barcelona, AC Mailand, Paris Saint-Germain, Manchester United, LA Galaxy, AC Mailand Zlatan Ibrahimović
75%
1991-2006 Hadsund BK, Brøndby IF, FC Schalke 04 Ebbe Sand
54%
1989-2011 Voikkaan Pallo-Peikot, Kumu Kuusankoski, Myllykosken Pallo -47, Willem II Tilburg, FC Liverpool, Bayer 04 Leverkusen Sami Hyypiä
46%
1987-2012 Lahden Reipas, HJK Helsinki, MyPa, Ajax Amsterdam, FC Barcelona, FC Liverpool, Ajax Amsterdam, FC Lahti, Hansa Rostock, Malmö FF, FC Fulham, FC Lahti, HJK Helsinki Jari Litmanen
36%
1989-2003 Bryne FK, Nottingham Forest, Leeds United, Manchester City Alf-Inge Haaland
32%
1990-2007 Clausenengen FK, Molde FK, Manchester United Ole Gunnar Solskjær
32%
1971-1989 Vejle BK, Borussia Mönchengladbach, FC Barcelona, Charlton Athletic, Vejle BK Allan Simonsen
29%
1986-2000 Brøndby IF, Bayer 05 Uerdingen, FC Bayern München, AC Florenz, AC Mailand, Glasgow Rangers, FC Chelsea, FC Kopenhagen, Ajax Amsterdam Brian Laudrup
29%
1981-1998 Kjøbenhavns Boldklub, Brøndby IF, Juventus Turin, Lazio Rom, Juventus Turin, FC Barcelona, Real Madrid, Vissel Kōbe, Ajax Amsterdam Michael Laudrup
29%
1989-2005 Malmö FF, Blackburn Rovers, Borussia Mönchengladbach, FC Bayern München, FC Barcelona, Malmö FF Patrik Andersson
29%
1980-2003 Gladsaxe-Hero, Hvidovre IF, Brøndby IF, Manchester United, Sporting Lissabon, Aston Villa, Manchester City Peter Schmeichel
21%
1975-1990 Fremad Amager, Ajax Amsterdam, FC Bayern München, AS Monaco, PSV Eindhoven Søren Lerby
21%
1993-2016 Valur Reykjavík, PSV Eindhoven, KR Reykjavík, Bolton Wanderers, FC Chelsea, FC Barcelona, AS Monaco, Tottenham Hotspur, Stoke City, FC Fulham, AEK Athen, Cercle Brügge, FC Brügge, Bolton Wanderers, SJZ Ever Bright, Molde FK, FC Pune City Eiður Guðjohnsen
18%
1988-2013 Högaborgs BK, Helsingborgs IF, Feyenoord Rotterdam, Celtic Glasgow, FC Barcelona, Helsingborgs IF, Manchester United, Helsingborgs IF, Råå IF, Högaborgs BK Henrik Larsson
18%
1997-2017, 2023- Aalesunds FK, AS Monaco, FC Liverpool, AS Rom, FC Fulham, APOEL Nikosia, Delhi Dynamos FC, Aalesunds FK, Chennaiyin, Rollon, Avaldsnes John Arne Riise
18%
1966-1988 Hammarby IF, 1. FC Kaiserslautern, GIF Sundsvall Ronnie Hellström
18%
1994-2014 Halmstads BK, FC Arsenal, West Ham United, Seattle Sounders, Chicago Fire, Celtic Glasgow, Shimizu S-Pulse, Mumbai City FC Freddie Ljungberg
14%
Keine übereinstimmenden Quizze gefunden
Verteilung der Resultate
Anzahl Personen mit jedem Resultat
Perzentil nach korrekt beantworteten Fragen
Ihre Resultats-Entwicklung
Sie haben dieses Quiz noch nicht gespielt